| 000 | 00000nam 2200000za 4500 |
| 001 | 9.820227 |
| 003 | CaOODSP |
| 005 | 20221107143147 |
| 007 | cr ||||||||||| |
| 008 | 161128s2016 qucao|||o f00| 0 eng d |
| 020 | |a978-0-660-05765-1 |
| 040 | |aCaOODSP|beng |
| 043 | |an-cn--- |
| 086 | 1 |aEn84-75/1-2010E-PDF |
| 245 | 02|aA field guide to oil spill response on marine shorelines |h[electronic resource]. |
| 260 | |aGatineau, QC : |bEnvironment and Climate Change Canada, |cc2016. |
| 300 | |ax, 223 p. : |bill., photos. |
| 500 | |a"July 2016, 2nd print." |
| 504 | |aIncludes bibliographical references. |
| 520 | |a"This field guide is about the protection and cleanup of oil spills on marine shorelines. It is one of a series produced by Environment and Climate Change Canada to provide the best available knowledge, guidance, and standards for responders and decision-makers dealing with oil spills in marine and freshwater shoreline environments"--Preface. |
| 692 | 07|2gccst|aOil spills |
| 692 | 07|2gccst|aCoasts |
| 710 | 1 |aCanada. |bEnvironment and Climate Change Canada. |
| 775 | 08|tGuide pratique d'intervention en cas de déversement d'hydrocarbures sur les rives en milieu marin |w(CaOODSP)9.677556 |
| 776 | 0#|tA field guide to oil spill response on marine shorelines / |w(CaOODSP)9.651914 |
| 856 | 40|qPDF|s7.18 MB|uhttps://publications.gc.ca/collections/collection_2016/eccc/En84-75-1-2010-eng.pdf |